| 000 | 00477cam4a220018100 4500 | ||
|---|---|---|---|
| 001 | tmp15760325 | ||
| 003 | UPRA | ||
| 005 | 20190819122301.0 | ||
| 008 | 951023s1976 xx eng u | ||
| 035 | _a(Sirsi) r43881 | ||
| 035 | _a(UPRA)tmp15760325 | ||
| 040 | _cUPRA | ||
| 100 | 1 |
_aGeorge, J. R. _6A1554.1 |
|
| 245 | 1 | 0 |
_aGrain and forage crops : _blaboratory manual. |
| 260 | _c1976. | ||
| 949 |
_aSB189 _wlcc _i33729001877419 _mMAIN _p2500 _tBOOK _lON-SHELF |
||
| 004 | 43881 | ||
| 999 |
_c112076 _d112076 |
||